Die romankunst Thomas Manns: Begriffe und hermeneutische strukturen

محفوظ في:
التفاصيل البيبلوغرافية
المؤلف الرئيسي: Anton, Herbert
التنسيق: كتاب
اللغة:Undetermined
منشور في: Stuttgart, Alemania Ferdinand Schöningh 1972
الموضوعات:
الوسوم: إضافة وسم
لا توجد وسوم, كن أول من يضع وسما على هذه التسجيلة!

MARC

LEADER 00000nam a2200000Ia 4500
008 170316s9999 xx 000 0 und d
040 |a cru BVZT 
090 |a 830 A-1d 
100 |a Anton, Herbert 
245 |a Die romankunst Thomas Manns: Begriffe und hermeneutische strukturen 
260 |a Stuttgart, Alemania 
260 |b Ferdinand Schöningh 
260 |c 1972 
300 |a 115 páginas 
650 |a LITERATURA ALEMANA 
999 |c 7284  |d 7284 
942 |c 15 D  |h 830 A-1d  |2 z